00293nam a2200121Ia 45000030006000000080041000060400015000471000032000622450020000942600028001145460012001420050017001540STCL150530s9999 xx 000 0 und d aSTCLcSTCL aCollins, V.H.; Treble, H.A. aTales of action bOxford universityc1929 aEnglish20220125170650.0